000
00306nam a22001457a 4500
003
SGT
020
_a
9780199498741
082
_a
510,SHE
100
_a
SHERIFF, ROBERT E.
245
_a
EXPLORATION SEISMOLOGY
250
_a
2ND
260
_a
NEW YORK
_c
1995
_b
COMBRIDGE
300
_a
592
942
_2
ddc
_c
BK
999
_c
25847
_d
25847